000 00710nmm a2200277 a 4500
003 AR-BaBNM
005 20251128203352.0
008 247019s1946 ||||||||||||||000 | spa||
040 _cAR-BaBNM
100 1 _aVirgilio Maron, Publio
245 1 0 _aLa eneida ;
_bBucólicas ; Georgicas
260 _aBuenos Aires
_bJosé Ballesta Editor
_c1946
300 0 _a409 p.
_bil.
650 4 _aLITERATURA LATINA
650 4 _aMITOLOGIA
650 4 _aHISTORIA ANTIGUA
650 4 _aLEYENDAS
653 0 _aLITERATURA EPICA
653 0 _aALEJANDRINISMO
653 _aPOESIA DIDACTICA
653 _aLIRICA
655 _aLITERATURA
700 1 _aOchoa, Eugenio de
_etraductor
942 _cBK
998 _cMARTIN
999 _c3070
_d3070